Income and business taxation / (Record no. 291462)
[ view plain ]
| 000 -LEADER | |
|---|---|
| fixed length control field | 00479nam a22001577a 4500 |
| 003 - CONTROL NUMBER IDENTIFIER | |
| control field | PILC |
| 005 - DATE AND TIME OF LATEST TRANSACTION | |
| control field | 20160307105859.0 |
| 008 - FIXED-LENGTH DATA ELEMENTS--GENERAL INFORMATION | |
| fixed length control field | 160307b xxu||||| |||| 00| 0 eng d |
| 020 ## - INTERNATIONAL STANDARD BOOK NUMBER | |
| International Standard Book Number | 9789710167166 |
| 050 ## - LIBRARY OF CONGRESS CALL NUMBER | |
| Classification number | KPM 2832 |
| Item number | .T112 2013 |
| 100 ## - MAIN ENTRY--PERSONAL NAME | |
| Personal name | Tabag, Enrico D. |
| 245 ## - TITLE STATEMENT | |
| Title | Income and business taxation / |
| Statement of responsibility, etc | Enrico D. Tabag and Earl Jimson R. Garcia. |
| 260 ## - PUBLICATION, DISTRIBUTION, ETC. (IMPRINT) | |
| Place of publication, distribution, etc | Valenzuela City : |
| Name of publisher, distributor, etc | MaxCor Publishing House, |
| Date of publication, distribution, etc | 2013. |
| 300 ## - PHYSICAL DESCRIPTION | |
| Extent | 640 pages ; |
| Dimensions | 26 cm. |
| 942 ## - ADDED ENTRY ELEMENTS (KOHA) | |
| Source of classification or shelving scheme | Library of Congress Classification |
| Koha item type | Books |
| Call number prefix | Local |
| Withdrawn status | Lost status | Source of classification or shelving scheme | Damaged status | Home library | Current library | Shelving location | Date acquired | Source of acquisition | Sub Shelving location | Total Checkouts | Total Renewals | Full call number | Barcode | Date last seen | Date checked out | Price effective from | Koha item type |
|---|---|---|---|---|---|---|---|---|---|---|---|---|---|---|---|---|---|
| Library of Congress Classification | College Library | College Library | Filipiniana Section | 03/07/2016 | Library Fund | 1 | 4 | KPM 2832 .T112 2013 | C20412 | 05/02/2019 | 03/20/2019 | 03/07/2016 | Books | ||||
| Library of Congress Classification | College Library | College Library | Filipiniana Section | 04/24/2017 | Library Fund | 1 | 5 | KPM 2832 .T112 2013 | C20865 | 09/23/2019 | 08/13/2019 | 04/24/2017 | Books |